Fleetwood Mac Discography - Statistics

General Stats
  • This quiz has been taken 76 times
    53 since last reset
  • The average score is 16 of 59
Answer Stats
Type Year Name % Correct
Video Album 1997 Classic Album: Rumours
94%
Album 1977 Rumours
94%
Album 1987 Tango in the Night
85%
Album 1979 Tusk
85%
Album 1975 Fleetwood Mac
83%
Album 1968 Fleetwood Mac
81%
Album 1982 Mirage
71%
Album 2003 Say You Will
54%
Album 1973 Penguin
50%
Live Album 1997 The Dance
48%
Video Album 1997 The Dance
48%
Album 1990 Behind the Mask
46%
Album 1972 Bare Trees
40%
Live Album 1980 Live
40%
Album 1995 Time
40%
Album 1969 Then Play On
38%
Album 1974 Heroes Are Hard to Find
35%
Album 1970 Kiln House
35%
Album 1968 Mr. Wonderful
35%
Album 1971 Future Games
33%
Compilation 1971 Greatest Hits
33%
Compilation 1988 Greatest Hits
33%
Album 1973 Mystery to Me
33%
Compilation 2002 The Very Best of Fleetwood Mac
31%
Compilation 1992 25 Years - The Chain
29%
Compilation 2002 The Best of Peter Green's Fleetwood Mac
27%
Compilation 1996 The Best of Fleetwood Mac
25%
Box Set 2018 50 Years - Don't Stop
21%
Compilation 1969 English Rose
19%
EP 2013 Extended Play
15%
Live Album 2004 Fleetwood Mac: Live in Boston
15%
Video Album 2004 Fleetwood Mac: Live in Boston
15%
Live Album 1985 Live in Boston
15%
Compilation 1969 The Pious Bird of Good Omen
13%
Compilation 1971 Black Magic Woman
8%
Video Album 1982 Mirage Tour
8%
Compilation 2007 The Essential Fleetwood Mac
8%
Compilation 1969 Fleetwood Mac in Chicago
6%
Live Album 2016 In Concert
6%
Compilation 2003 Madison Blues
6%
Live Album 1999 Shrine '69
6%
Compilation 1971 The Original Fleetwood Mac
6%
Compilation 2019 Before the Beginning: 1968-1970 Live & Demo Sessions
4%
Compilation 2003 Green Shadows
4%
Compilation 2002 Jumping at Shadows: The Blues Years
4%
Live Album 1995 Live at the BBC
4%
Live Album 1992 Live at the Marquee 1967
4%
Live Album 1998 London Live '68
4%
Compilation 1978 Man of the World
4%
Compilation 2013 Opus Collection
4%
Compilation 1991 Original Fleetwood Mac: The Blues Years
4%
Compilation 2001 Show-Biz Blues
4%
Video Album 1988 Tango in the Night Tour
4%
Compilation 1987 The Collection
4%
Compilation 1999 The Complete Blue Horizon Sessions 1967-1969
4%
Compilation 1998 The Vaudeville Years
4%
Compilation 1975 Vintage Years
4%
Video Album 2004 Destiny Rules
2%
Video Album 1994 The Early Years 1967-1970
2%
No matching quizzes found
Score Distribution
Percent of People with Each Score
Percentile by Number Answered
Your Score History
You have not taken this quiz since the last reset